Paroles - Eddy de Pretto - Fête de trop - Statistiques

Statistiques générales
  • Ce quiz a été pris 413 fois
    407 depuis la dernière actualisation
  • Le résultat moyen est 211 sur 271
Statistiques - réponses
Réponse % Correct
de
100%
de
100%
ce
99%
la
99%
trop
99%
fête
98%
C'est
96%
à
93%
a
93%
Et
93%
et
93%
me
93%
je
92%
le
92%
j'ai
91%
J'ai
91%
les
90%
ça
89%
sa
89%
Moi
87%
moi
87%
soir
87%
dans
86%
des
86%
fait
86%
jusqu'au
86%
ma
86%
tout
85%
84%
tous
84%
fiasco
83%
lu
83%
Que
83%
que
83%
même
82%
vu
82%
au
81%
Tu
80%
bu
79%
toute
79%
défaite
78%
d'la
78%
sais
78%
en
77%
faite
77%
joyaux
77%
tes
77%
bien
76%
danse
76%
Danse
76%
paillettes
76%
potes
75%
outrance
74%
pop
74%
sur
74%
on
73%
bouches
72%
j'l'ai
72%
langue
72%
luis
72%
muqueuses
72%
réduis
72%
petits
71%
voit
71%
cet
70%
piste
70%
saliveuses
70%
mes
69%
mais
68%
pris
68%
Regarde
68%
avec
67%
Avec
67%
cotôyé
67%
sans
67%
bel
66%
mains
66%
avance
65%
l'absinthe
65%
d'argent
64%
glissé
64%
lueur
64%
nues
64%
salles
64%
suis
64%
d'élégance
63%
par
63%
angles
62%
cette
62%
pour
62%
si
62%
ivre
61%
mascarade
61%
noires
61%
panse
61%
vive
61%
fuir
60%
rails
60%
mon
59%
rempli
59%
lentement
58%
urgences
58%
vives
58%
air
57%
Autant
57%
corps
57%
froideur
57%
manuel
57%
maussade
57%
moins
57%
passage
57%
rares
57%
recommence
57%
saignements
57%
demain
56%
garçons
56%
rentré
56%
surplus
56%
beaucoup
55%
exaltée
55%
l'envie
55%
rien
55%
Soient
55%
tenté
54%
torturé
54%
trouvé
54%
Alors
53%
apparents
53%
nymphes
53%
pansements
53%
d'approcher
52%
Puis
52%
d'apparence
51%
amants
50%
excepté
50%
lamentables
50%
ajusté
49%
Davantage
49%
d'précis
49%
mâchoires
49%
serré
49%
déjà-vu
45%
KO
45%
relâché
44%
Exactement
42%
zélé
42%
las
12%
Aucun quiz correspondant
Distribution des résultats
% des personnes avec chaque résultat
Percentile par nombre de réponses
Votre historique - résultats
Vous n’avez pas pris ce quiz depuis la dernière actualisation